Κατάλογος Βιβλιοθηκών Mediterranean College

Περί τυφλότητος : (Record no. 10078)

MARC details
000 -LEADER
fixed length control field 01994nam a22002417a 4500
003 - ΤΑΥΤΟΤΗΤΑ ΤΟΥ ΑΡΙΘΜΟΥ ΕΛΕΓΧΟΥ
Πεδίο ελέγχου GR-AtMCL
005 - ΗΜΕΡΟΜΗΝΙΑ ΚΑΙ ΩΡΑ ΤΕΛΕΥΤΑΙΑΣ ΕΝΗΜΕΡΩΣΗΣ
Πεδίο ελέγχου 20260126110739.0
006 - FIXED-LENGTH DATA ELEMENTS--ADDITIONAL MATERIAL CHARACTERISTICS
Πεδίο ελέγχου σταθερού μήκους a|||||r|||||||||||
008 - FIXED-LENGTH DATA ELEMENTS--GENERAL INFORMATION
Πεδίο ελέγχου σταθερού μήκους | ||||gr |||g ||| 000 1 gre d
020 ## - ISBN
ISBN 9789600356717
040 ## - ΠΗΓΗ ΚΑΤΑΛΟΓΟΓΡΑΦΗΣΗΣ
Φορέας πρωτότυπης καταλογογράφησης MC Athens Campus Library
Γλώσσα καταλογογράφησης Ελληνικά, Μοντέρνα (1453-)
Modifying agency MC Athens Campus Library
Κανόνες περιγραφικής καταλογογράφησης AACR2
041 1# - ΓΛΩΣΣΑ
Κωδικός γλώσσας πρωτότυπου Πορτογαλικά
100 ## - MAIN ENTRY--PERSONAL NAME
Personal name Saramago, José
9 (RLIN) 10286
245 10 - ΤΙΤΛΟΣ ΚΑΙ ΔΗΛΩΣΗ ΥΠΕΥΘΥΝΟΤΗΤΑΣ
Τίτλος Περί τυφλότητος :
Remainder of title Μυθιστόρημα /
Statement of responsibility, etc. Ζοζέ Σαραμάγκου ; μετάφραση από τα πορτογαλικά Αθηνά Ψυλλιά
260 ## - PUBLICATION, DISTRIBUTION, ETC.
Place of publication, distribution, etc. Αθήνα :
Name of publisher, distributor, etc. Καστανιώτης,
Date of publication, distribution, etc. 1998
300 ## - PHYSICAL DESCRIPTION
Extent 381 σ. ;
Διαστάσεις 21εκ.
520 ## - SUMMARY, ETC.
Summary, etc. Ένας άνθρωπος χάνει ξαφνικά το φως του. Τα περιστατικά αιφνίδιας τύφλωσης κλιμακώνονται και η κυβέρνηση αποφασίζει να βάλει σε καραντίνα τους τυφλούς. Με γραφειοκρατική ακρίβεια, ο Ζοζέ Σαραμάγκου έχει υπολογίσει όλα όσα θα μπορούσαν να συμβούν σ' έναν κόσμο που χάνει την όρασή του. Για πόσο καιρό η κίνηση στους δρόμους θα είναι ομαλή; Για πόσο καιρό θα επαρκούν τα τρόφιμα για τις πεινασμένες ορδές; Πόσος χρόνος χρειάζεται για να καταρρεύσει η παροχή του ηλεκτρικού ρεύματος, αερίου και νερού; Τι θ' απογίνουν τα κατοικίδια; Οι σεξουαλικοί φραγμοί; Πόσοι τυφλοί φτιάχνουν μια τυφλότητα; Και τέλος: Σε έναν κόσμο τυφλών, τι θα έκανες αν έβλεπες;
650 #0 - SUBJECT ADDED ENTRY--TOPICAL TERM
Topical term or geographic name entry element Ισπανική λογοτεχνία
9 (RLIN) 10288
653 ## - INDEX TERM--UNCONTROLLED
Μη ελεγχόμενοι όροι Λογοτεχνία
700 ## - ΠΡΟΣΘΕΤΗ ΑΝΑΓΡΑΦΗ--ΦΥΣΙΚΟ ΠΡΟΣΩΠΟ
Personal name Ψυλλιά, Αθηνά
9 (RLIN) 10287
942 ## - ADDED ENTRY ELEMENTS (KOHA)
Koha item type Books
Holdings
Τύπος τεκμηρίου Βιβλιοθήκη Τρέχουσα τοποθεσία Barcode Αριθμός εισαγωγής Ημερομηνία απόκτησης Ταξιθετικό σύμβολο Αριθμός αντιτύπου Κατάσταση απόσυρσης Κατάσταση χαμένου Κατάσταση κατεστραμμένου Μη δανεισμός Σύνολο δανεισμών Ημερομηνία τελευταίας εμφάνισης Η τιμή ισχύει από
Books MC Athens Campus Library MC Athens Campus Library 9780000100856 8269 26/01/2026 860 SAR 1           26/01/2026 26/01/2026

MC Athens Campus Library
Πατησίων 94 & Κοδριγκτώνος 13, 104 34
Πελλήνης 8 & Πατησίων 107, 112 51
Τ: +30 210 8899600

MC Thessaloniki Campus Library
Ίωνος Δραγούμη 21, 54625 | Ίωνος Δραγούμη 15, 54625
Τ: +30 2310 287779 – Τ: +30 2314 440300